Online
Catalog

Moca en su tiempo / (Record no. 2054)

MARC details
000 -CABECERA
campo de control de longitud fija 00992nam a2200265 u 4500
001 - NÚMERO DE CONTROL
campo de control 000002206
003 - IDENTIFICADOR DEL NÚMERO DE CONTROL
campo de control DO-SdBNP
005 - FECHA Y HORA DE LA ÚLTIMA TRANSACCIÓN
campo de control 20240305124616.0
008 - DATOS DE LONGITUD FIJA--INFORMACIÓN GENERAL
campo de control de longitud fija 090701s2007 dr a r 000 0 spa d
020 ## - NÚMERO INTERNACIONAL ESTÁNDAR DEL LIBRO
Número Internacional Estándar del Libro 9789945408126
040 ## - FUENTE DE LA CATALOGACIÓN
Centro catalogador/agencia de origen DO-SdBNP
Lengua de catalogación spa
Centro/agencia transcriptor BNPHU
082 #4 - NÚMERO DE LA CLASIFICACIÓN DECIMAL DEWEY
Número de clasificación 972.9362
Número de documento/Ítem C957m
Número de edición 22
100 1# - ENTRADA PRINCIPAL--NOMBRE DE PERSONA
Nombre de persona Cruz Infante, José A.,
Forma completa/desarrollada del nombre (José Abigail)
9 (RLIN) 2460
245 10 - MENCIÓN DE TÍTULO
Título Moca en su tiempo /
Mención de responsabilidad, etc. José Abigaíl Cruz Infante ; edición, Dario Bencosme y Baéz.
260 ## - PUBLICACIÓN, DISTRIBUCIÓN, ETC.
Lugar de publicación, distribución, etc. Santo Domingo :
Nombre del editor, distribuidor, etc. Letra Gráfica,
Fecha de publicación, distribución, etc. 2007.
300 ## - DESCRIPCIÓN FÍSICA
Extensión 199 p :
Otras características físicas il. ;
Dimensiones 23cm.
500 ## - NOTA GENERAL
Nota general Incluye datos biográficos del autor en la solapa cubierta
590 ## - NOTA LOCAL (RLIN)
Nota local Inventariado, 2019/MFF
650 #4 - PUNTO DE ACCESO ADICIONAL DE MATERIA--TÉRMINO DE MATERIA
Término de materia o nombre geográfico como elemento de entrada Ciudades y pueblos
Subdivisión geográfica República Dominicana
9 (RLIN) 784
651 #4 - PUNTO DE ACCESO ADICIONAL DE MATERIA--NOMBRE GEOGRÁFICO
Nombre geográfico Moca (República Dominicana)
Subdivisión general Historia local
9 (RLIN) 7056
651 #4 - PUNTO DE ACCESO ADICIONAL DE MATERIA--NOMBRE GEOGRÁFICO
Nombre geográfico Moca (República Dominicana)
Subdivisión general Vida social y constumbres
9 (RLIN) 7057
700 1# - PUNTO DE ACCESO ADICIONAL--NOMBRE DE PERSONA
Nombre de persona Bencosme Báez, Darío
Término indicativo de función/relación ed.
9 (RLIN) 7058
910 ## - DATOS DE OPCIÓN DEL USUARIO (OCLC)
Datos de opción del usuario Validado. Control de calidad MMOLINA
942 ## - ELEMENTOS DE PUNTO DE ACCESO ADICIONAL (KOHA)
Fuente del sistema de clasificación o colocación Dewey Decimal Classification
Tipo de ítem Koha Libro
Holdings
Estado de retiro Estado de pérdida Restricciones de uso No para préstamo Código de colección Localización permanente Ubicación/localización actual Ubicación en estantería Fecha de adquisición Fuente de adquisición Número de inventario Total de préstamos Signatura topográfica completa Código de barras Fecha visto por última vez Número de copia Precio válido a partir de Tipo de ítem Koha Nota pública
        Dominicana de Servicio General General Depósito 01.07.2009 002815 LF1   972.9362 C957m 2206-30 25.06.2020 e. 3 25.06.2020 Libro y Folleto Colección Dominicana de Servicio Inventariado, 2019/MFF
        Dominicana de Servicio Patrimonio Dominicano Patrimonio Dominicano Depósito 30.09.2010   LF1   972.9362 C957m 2206-40 25.06.2020 e. 4 25.06.2020 Libro y Folleto Colección Dominicana de Servicio Inventariado, 2019/MFF
        Dominicana de Servicio Patrimonio Dominicano Patrimonio Dominicano Depósito 30.09.2010   LF1   972.9362 C957m 2206-50 25.06.2020 e. 5 25.06.2020 Libro y Folleto Colección Dominicana de Servicio Inventariado, 2019/MFF
      Excluido de préstamo Patrimonio Dominicano Patrimonio Dominicano Patrimonio Dominicano Depósito 01.07.2009 002775 LF1   972.9362 C957m 2206-10 25.06.2020   25.06.2020 Libro y Folleto Colección Patrimonio Dominicano Inventariado, 2019/MFF
      Excluido de préstamo Patrimonio Dominicano Patrimonio Dominicano Patrimonio Dominicano Depósito 01.07.2009 002776 LF1   972.9362 C957m 2206-20 25.06.2020 e. 2 25.06.2020 Libro y Folleto Colección Patrimonio Dominicano Inventariado, 2019/MFF

Powered by Koha